01236cam a22003131i 4500001001300000003000400013005001700017008004100034010001700075035001900092040002800111042001200139043001200151050002200163100004400185245020700229260004300436300006600479490004600545500006400591500006100655500002000716650002400736650002800760650001900788700004600807810005200853999001700905gs 05000910 DLC20260227111302.0790223s1905 dcuabf f001 0 eng  ags 05000910  a(OCoLC)4684722 aDLCcICharEdOCoLCdDLC apremarc an-us-tx00aQE75b.B9 no. 2661 aCragin, Francis Whittemore,d1858-1937.10aPaleontology of the Malone Jurassic formation of Texas /cby Francis Whittemore Cragin; with stratigraphic notes on Malone mountain and the surrounding region near Sierra Blanca, Texas, by T.W. Stanton. aWashington,bGovt. Print. Off.,c1905. a172, v p. :bill., xxix pl. (part double, incl. map);c24 cm.1 aU.S. Geological survey. Bulletinvno. 266 aSubject series: C, Systematic geology and paleontology, 73. aIssued also as thesis (Ph. D.) Johns Hopkins University. aIncludes index. 0aPaleontologyzTexas 0aPaleontologyyJurassic. 0aGeologyzTexas1 aStanton, T. W.q(Timothy William),d1860-2 aGeological Survey (U.S.).tBulletin ;vno. 266. c24319d24319